01227 a2200217 45000010006000000050017000060080041000230030015000640400040000790800091001192450086002100200022002962640048003183000019003665050319003851000027007047000023007317000026007547000102007808560127008822741620260407155549.0260407a2013 arg spa dAR-UNSa-BCEJYS aAR-UNSa-BCEJYSbspacAR-UNSa-BCEJYS a338.124xRetroceso de la actividad económica. Contracción económica (Pobreza...)10aPobreza y desigualdad en América Latinapconceptos, herramientas y aplicaciones a978-987-1826-45-2 1aBuenos Aires :bTemas Grupo Editorialc2013 a819 p.c23 cm. a1. Introducción - 2. Herramientas para el análisis distributivo - 3. Variables y fuentes de información - 4. Pobreza monetaria - 5. Pobreza: extensiones - 6. Desigualdad monetaria - 7. Desigualdad: extensiones - 8. Pobreza, desigualdad y crecimiento - 9. Incidencia distributiva de las políticas públicas1 aGasparini, Leonardo C.1 aCicowiez, Martín1 aSosa Escudero, Walter1 aUniversidad Nacional de La Plata. Centro de Estudios Distributivos, Laborales y Sociales (CEDLAS)41uhttps://biblioeco.unsa.edu.ar/pmb/images/libros/Pobreza y Desigualdad en America Latina.jpgyImagen de portadaqimage/jpeg